|
|
|
|
| LEADER |
01649nam a2200457 a 4500 |
| 001 |
000245663 |
| 003 |
CZ BrMZK |
| 005 |
20240418095055.0 |
| 007 |
ta |
| 008 |
020711s1997 xr f |||| 0 cze d |
| 015 |
|
|
|a cnb000292781
|
| 020 |
|
|
|a 80-7082-372-0
|
| 035 |
|
|
|a (OCoLC)38974051
|
| 040 |
|
|
|a BOA001
|b cze
|
| 041 |
1 |
|
|a cze
|a rus
|
| 072 |
|
7 |
|a 811.161.1
|x Ruština
|2 Konspekt
|9 11
|
| 072 |
|
7 |
|a 37.016
|x Učební osnovy. Vyučovací předměty. Učebnice
|2 Konspekt
|9 22
|
| 080 |
|
|
|a 811.161.1
|2 MRF
|
| 080 |
|
|
|a 81'367
|2 MRF
|
| 080 |
|
|
|a 81'367.335
|2 MRF
|
| 080 |
|
|
|a (075.8)
|2 MRF
|
| 080 |
|
|
|a (076.5)
|2 MRF
|
| 100 |
1 |
|
|a Česal, Bedřich,
|d 1924-2004
|7 jk01021772
|4 aut
|
| 245 |
1 |
0 |
|a Cvičení z ruské syntaxe.
|n 2,
|p Souvětí /
|c Bedřich Česal, Ema Vyčichlová
|
| 246 |
3 |
0 |
|a Souvětí
|
| 250 |
|
|
|a Vyd. 1.
|
| 260 |
|
|
|a Plzeň :
|b Západočeská univerzita,
|c 1997
|
| 300 |
|
|
|a 102 s. ;
|c 20 cm
|
| 504 |
|
|
|a Obsahuje bibliografii
|
| 650 |
0 |
7 |
|a ruština
|7 ph125351
|2 czenas
|
| 650 |
0 |
7 |
|a syntax
|7 ph117044
|2 czenas
|
| 650 |
0 |
7 |
|a souvětí
|7 ph196653
|2 czenas
|
| 655 |
|
7 |
|a učebnice vysokých škol
|7 fd133772
|2 czenas
|
| 655 |
|
7 |
|a praktická cvičení
|7 fd133118
|2 czenas
|
| 700 |
1 |
|
|a Vyčichlová, Ema,
|d 1946-
|7 jn20001005734
|4 aut
|
| 710 |
2 |
|
|a Západočeská univerzita.
|b Pedagogická fakulta
|7 kn20010709437
|
| 910 |
|
|
|a BOA001
|b 2-1028.721,2
|b PK-0127.376,2
|
| 920 |
|
|
|a 000310035
|
| 990 |
|
|
|a BK
|
| 996 |
6 |
|
|b 2610060154
|c 2-1028.721,2
|l MZK
|r Sklad / do 1 hodiny
|n 2
|p p.v.
|w 000245663
|u 000010
|a 1
|e BOA001
|j MZK50
|s P
|
| 996 |
7 |
|
|b 3119012304
|c PK-0127.376,2
|l MZK
|r Sklad / do 1 hodiny
|n 4
|p kup
|w 000245663
|u 000020
|a 1
|e BOA001
|j MZK50
|s A
|